Regions of Saudi Arabia Map Quiz - Statistics

General Stats
  • This quiz has been taken 531 times
  • The average score is 7 of 13
Answers on the Map
Answers color-coded by a green-red scale on the quiz's map according to % correct below.
 
Answer Stats
Answer % Correct
Riyadh
83%
Eastern Province
80%
Makkah
74%
Northern Borders
73%
Madinah
67%
Tabuk
57%
Jizan
48%
Asir
47%
Najran
46%
Ha'il
44%
Jawf
44%
Qassim
43%
Bahah
38%
No matching quizzes found
Score Distribution
Percent of People with Each Score
Percentile by Number Answered
Your Score History
You have not taken this quiz